[Event "Vallfogona Hostal Nou op"]
[Site "Vallfogona de Balaguer"]
[Date "2014.05.31"]
[Round "6"]
[White "Lopez Luna, Oscar"]
[Black "Solani Nunez, Joel"]
[Result "0-1"]
[WhiteElo "1700"]
[BlackElo "1944"]
[PlyCount "24"]
[EventDate "2014.04.26"]
[EventType "swiss"]
[EventRounds "8"]
[EventCountry "ESP"]
[SourceTitle "EXT 2015"]
[Source "ChessBase"]
[SourceDate "2014.11.20"]
[SourceVersion "1"]
[SourceVersionDate "2014.11.20"]
[SourceQuality "1"]

1. e4 e5 2. Nf3 Nc6 3. Nc3 Nf6 4. d4 Bb4 5. Bg5 h6 6. Bxf6 Qxf6 7. dxe5 Nxe5 8. Be2 Nxf3+ 9. Bxf3 Bxc3+ 10. bxc3 Qxc3+ 11. Ke2 b6 12. Re1 Ba6+ 0-1

[Event "Ponts U16 Lleida-ch"]
[Site "Ponts"]
[Date "2013.01.26"]
[Round "1.3"]
[White "Solani Nunez, Joel"]
[Black "Lopez Luna, Oscar"]
[Result "1-0"]
[WhiteElo "1706"]
[BlackElo "1700"]
[PlyCount "63"]
[EventDate "2013.01.26"]
[EventType "swiss"]
[EventRounds "6"]
[EventCountry "ESP"]
[SourceTitle "EXT 2024"]
[Source "ChessBase"]
[SourceDate "2023.10.10"]
[SourceVersion "1"]
[SourceVersionDate "2023.10.10"]
[SourceQuality "1"]

1. e4 d5 2. exd5 Qxd5 3. Nc3 Qd8 4. Nf3 Nf6 5. b3 c6 6. Bb2 Bf5 7. Ne2 e6 8. Ng3 Bg6 9. Ne5 Nbd7 10. Nxg6 hxg6 11. Be2 Be7 12. 0-0 0-0 13. d4 Qc7 14. c4 Rfe8 15. Bf3 Rad8 16. Qc2 Rc8 17. Rac1 c5 18. Rfd1 b6 19. Rd3 cxd4 20. Bxd4 Bc5 21. Rcd1 Bxd4 22. Rxd4 Ne5 23. Qe2 Nxf3+ 24. Qxf3 Red8 25. Ne4 Nxe4 26. Qxe4 Rxd4 27. Qxd4 Rd8 28. Qxd8+ Qxd8 29. Rxd8+ Kh7 30. Ra8 a5 31. Rb8 f5 32. Rxb6 1-0